| 000 | 00502nam a2200169Ia 4500 | ||
|---|---|---|---|
| 008 | 230718s9999 xx 000 0 und d | ||
| 020 | _a9788126524594 | ||
| 041 | _aeng | ||
| 082 |
_a347.09 _bDUT |
||
| 100 |
_aDutta A. _9193652 |
||
| 245 |
_aWinning Strategies _bSecrets To Clinching Multimillion-Dollar Deals |
||
| 260 |
_c2010 _bWiley India/Times Group Books |
||
| 300 | _a225 | ||
| 365 |
_cRs. _b225.00 |
||
| 700 |
_aDutta A. _9193652 |
||
| 906 |
_dO:0293319-Jul-2012B:37107-Jun-2012 _cGENRL _b56.25 |
||
| 999 |
_c331014 _d331014 |
||